LEADER 01041nam0 2200289 450 001 000007227 005 20060627155512.0 010 $a90-04-14939-2 100 $a20060627d2006----km-y0itay50------ba 101 0 $aeng 102 $aNL 105 $ay-------001yy 200 1 $aUnlawful territorial situations in international law$ereconciling effectiveness, legality and legitimacy$fEnrico Milano$gwith a foreword by Christine Chinkin 210 $aLeiden$aBoston$cM. Nijhoff$dc2006 215 $aXXXIX, 304 p.$d25 cm 225 2 $aDevelopments in International Law$v55 410 0$12001$aDevelopments in International Law 610 1 $aSovranità territoriale$aPrincipi di effettività 610 1 $aDiritto internazionale 676 $a341.42$v20 700 1$aMilano,$bEnrico$0303762 702 1$aChinkin,$bChristine 801 0$aIT$bUNIPARTHENOPE$c20060627$gRICA$2UNIMARC 912 $a000007227 951 $aG-0193$b38533$cNAVA3$d2006 996 $aUnlawful territorial situations in international law$9242582 997 $aUNIPARTHENOPE